|
|
|
|
| LEADER |
01002cam a2200241 7i4500 |
| 001 |
0000027796 |
| 005 |
20120808090000.0 |
| 020 |
0 |
0 |
|a 0867302550
|
| 090 |
0 |
0 |
|a AM. N 381.456151
|b DIR
|
| 245 |
0 |
0 |
|a 2011 Directory of drug store and HBC chains.
|
| 260 |
0 |
0 |
|a Tampa:
|b Chain Store Guide,
|c 2011.
|
| 300 |
# |
# |
|a 542 p.
|
| 650 |
0 |
0 |
|a Chain stores --
|x Directories --
|z United States of America
|
| 650 |
0 |
0 |
|a Chain stores --
|x Directories --
|z Canada
|
| 650 |
0 |
0 |
|a Pharmaceuticals industry --
|x Directories --
|z Canada
|
| 650 |
0 |
0 |
|a Pharmaceuticals industry --
|x Directories --
|z United States of America
|
| 650 |
0 |
0 |
|a Drugstores --
|x Directories --
|z Canada
|
| 650 |
0 |
0 |
|a Drugstores --
|x Directories --
|z United States of America
|
| 650 |
0 |
0 |
|a Cosmetics industry --
|x Directories --
|z Canada
|
| 650 |
0 |
0 |
|a Cosmetics industry --
|x Directories --
|z United States of America
|
| 651 |
0 |
0 |
|a United States of America
|
| 651 |
0 |
0 |
|a Canada
|
| 999 |
|
|
|a B000030679
|b Directories
|c Regions
|e Business Information Centre
|